Rattan resource utilization

Bibliographic Details
Main Author: OOI
Format: Book
Published: Kuala Lumpur : Food and Agriculture Organization of the United Nations , 1983
Subjects:

MARC

LEADER 00000cam a2200000 7i4500
001 0000001779
005 20011119.0
090 0 0 |a 684.106   |b OOI 1983 
100 1 0 |a OOI   |h Seng Hock 
245 1 0 |a Rattan resource utilization   |c by Ooi Seng Hock 
260 0 0 |a Kuala Lumpur :   |b Food and Agriculture Organization of the United Nations ,   |c 1983 
300 |a Various pagings ;   |c 30 cm. 
650 0 0 |a Rattan 
998 |a JPSM 
999 |a 0000002763   |b Monograph   |c Open Shelf   |e Default branch